10 najpopularniejszych kont polskich sportowców na instagramie - Statystyki

Ogólne statystyki
  • Ten quiz został rozwiązany 1 170 razy
  • Średni wynik to 6 z 10
Statystyki odpowiedzi
Liczba obserwujących Sportowiec % Poprawnych
1 26 814 153 Robert Lewandowski
100%
2 3 190 025 Wojciech Szczęsny
83%
7 919 423 Iga Świątek
78%
4 1 098 931 Arkadiusz Milik
62%
10 682 921 Grzegorz Krychowiak
62%
9 693 325 Jakub Błaszczykowski
48%
5 983 285 Krzysztof Piątek
43%
6 933 936 Łukasz Piszczek
39%
3 2 026 168 Joanna Jędrzejczyk
22%
8 847 468 Jan Błachowicz
21%
Nie znaleziono quizów pasujących do podanych kryteriów
Rozkład punktacji
Procent ludzi z każdym wynikiem
Percentyl według liczby udzielonych odpowiedzi
Twoja historia wyników
Nie rozwiązałeś tego quizu